अहसास / (Record no. 117315)
[ view plain ]
| 000 -LEADER | |
|---|---|
| fixed length control field | 01062nam a22002777a 4500 |
| 003 - CONTROL NUMBER IDENTIFIER | |
| control field | dpl |
| 005 - DATE AND TIME OF LATEST TRANSACTION | |
| control field | 20180710124018.0 |
| 008 - FIXED-LENGTH DATA ELEMENTS--GENERAL INFORMATION | |
| fixed length control field | 180710b xxu||||| |||| 00| 0 eng d |
| 010 ## - LIBRARY OF CONGRESS CONTROL NUMBER | |
| LC control number | B-068739 |
| 020 ## - INTERNATIONAL STANDARD BOOK NUMBER | |
| Terms of availability | 125.00 |
| International Standard Book Number | 8187774126 |
| 035 ## - SYSTEM CONTROL NUMBER | |
| System control number | B-068739, B-068743 |
| 037 ## - SOURCE OF ACQUISITION | |
| Source of stock number/acquisition | Cen Lib/Ret |
| 040 ## - CATALOGING SOURCE | |
| Original cataloging agency | DPL |
| Language of cataloging | HN |
| Transcribing agency | 0 |
| 082 ## - DEWEY DECIMAL CLASSIFICATION NUMBER | |
| Classification number | उ |
| Item number | स्वराज्य |
| 100 ## - MAIN ENTRY--PERSONAL NAME | |
| Personal name | स्वराज्य शुची |
| 9 (RLIN) | 71317 |
| 245 ## - TITLE STATEMENT | |
| Title | अहसास / |
| Statement of responsibility, etc | स्वराज्य शुची |
| 246 ## - VARYING FORM OF TITLE | |
| Title proper/short title | Ahsas / |
| Remainder of title | by Swarajya Shuchi |
| 260 ## - PUBLICATION, DISTRIBUTION, ETC. (IMPRINT) | |
| Place of publication, distribution, etc | नई दिल्ली |
| Name of publisher, distributor, etc | नीलकंठ प्रकाशन |
| Date of publication, distribution, etc | 2001 |
| 270 ## - ADDRESS | |
| Address | 1/1079 ई, महरौली |
| City | नई दिल्ली |
| Postal code | 110030 |
| 300 ## - PHYSICAL DESCRIPTION | |
| Extent | 119पृ. |
| Dimensions | 21सेमी(सजिल्द) |
| 650 ## - SUBJECT ADDED ENTRY--TOPICAL TERM | |
| Topical term or geographic name as entry element | हिंदी साहित्य |
| 9 (RLIN) | 71318 |
| 650 ## - SUBJECT ADDED ENTRY--TOPICAL TERM | |
| Topical term or geographic name as entry element | हिंदी साहित्य--उपन्यास |
| 9 (RLIN) | 1009 |
| 650 ## - SUBJECT ADDED ENTRY--TOPICAL TERM | |
| Topical term or geographic name as entry element | Hindi literature |
| 9 (RLIN) | 71319 |
| 650 ## - SUBJECT ADDED ENTRY--TOPICAL TERM | |
| Topical term or geographic name as entry element | Hindi literature--Novel |
| 9 (RLIN) | 71320 |
| 942 ## - ADDED ENTRY ELEMENTS (KOHA) | |
| Source of classification or shelving scheme | Dewey Decimal Classification |
| Koha item type | Hindi Books |
| Classification part | उ |
| Call number suffix | स्वराज्य |
| Withdrawn status | Lost status | Damaged status | Not for loan | Home library | Current library | Date acquired | Source of acquisition | Cost, normal purchase price | Total Checkouts | Full call number | Barcode | Date last seen | Copy number | Cost, replacement price | Price effective from | Koha item type | Source of classification or shelving scheme | Collection code |
|---|---|---|---|---|---|---|---|---|---|---|---|---|---|---|---|---|---|---|
| Central Library | Central Library | 27/08/2015 | Cen Lib/Ret | 125.00 | उ स्वराज्य | B-068739 | 27/08/2015 | 1 | 125.00 | 27/08/2015 | Hindi Books | |||||||
| Shahdara Branch | Shahdara Branch | 10/07/2018 | BPPD/PUB | 125.00 | उ स्वराज्य | B-068743 | 10/07/2018 | 125.00 | 10/07/2018 | Hindi Books | Dewey Decimal Classification | Fiction |
